Largest Cities in the World That Begin With 'Me' - Statistics

General Stats
  • This quiz has been taken 52 times
  • The average score is 10 of 24
Answer Stats
# Population Nat. Answer % Correct
1 25,400,000 Mexico Mexico City
98%
2 5,200,000 Australia Melbourne
96%
9 1,350,000 United States Melbourne
96%
3 4,350,000 Colombia Medellín
91%
5 2,675,000 Saudi Arabia Mecca
89%
7 1,530,000 Saudi Arabia Medina
81%
4 4,250,000 Indonesia Medan
70%
10 1,180,000 Argentina Mendoza
57%
11 1,140,000 United States Memphis
51%
8 1,390,000 Mexico Mérida
47%
22 289,800 Venezuela Mérida
47%
12 1,060,000 Turkey Mersin
43%
20 292,263 France Metz
43%
16 556,512 Morocco Meknès
30%
6 1,930,000 India Meerut
23%
13 854,186 Mexico Mexicali
23%
15 694,495 China Méizhōu
13%
18 457,900 Ethiopia Mekele
9%
24 251,178 Angola Menongue
4%
23 289,482 Sudan Medani
2%
14 732,757 China Méishān
2%
21 291,138 China Méihékŏu
0%
19 430,355 China Mĕngzì
0%
17 499,000 Somalia Merca
0%
No matching quizzes found
Score Distribution
Percent of People with Each Score
Percentile by Number Answered
Your Score History
You have not taken this quiz